100 Animal Names Quiz Stats

 Plays Quiz Updated Jan 18, 2019

Support Sporcle.
Go Orange.
Score 0/100 Timer 10:00
1 Play Today
% Correct
Reindeer
89.8%
Mockingbird
89.3%
Chipmunks
89.1%
Dalmatians
88.8%
Panther
88.2%
Lambs
88.1%
Rabbit
88%
Mice
87.5%
Hedgehog
87.4%
Python
86.9%
Woodchuck
86.7%
Cuckoo
86.1%
Lion
85.9%
Pig
85.6%
Snakes
85.4%
Crocodile
85.3%
Hippos
85%
Wolves
84.6%
Donkey
84%
Flies
83.6%
Tiger
82.8%
Dogs
82.6%
Fox
82.3%
Hawk
82.2%
Cat
81.9%
Groundhog
81.2%
Shrew
79.6%
Coyote
79%
Wolverine
75.9%
Eagle
75%
Turtle
74.5%
Frog
74.3%
Bull
73.2%
Beaver
73.1%
% Correct
Shrimp
72.9%
Pussycat
72.7%
Cougar
72.7%
Gecko
72.2%
Beetle
70.6%
Bullfrog
70.4%
Goats
70.1%
Horse
69.9%
Pelican
69%
Spider
68.5%
Walrus
68.4%
Falcon
68.2%
Elephants
67.8%
Caterpillar
67.3%
Chameleon
66.7%
Dinosaurs
66.6%
Deer
64.4%
Robin
63%
Goose
62.3%
Doves
62%
Panda
61.6%
Chicken
61.6%
Penguins
60.9%
Chihuahua
60.8%
Butterfly
59.7%
Gorillas
59.1%
Bear
58.7%
Jaguars
57.8%
Bumblebee
55.3%
Buffalo
54.6%
Shark
54.6%
Scorpion
53.3%
Marlins
53.2%
Salmon
52.4%
% Correct
Badgers
48.8%
Chimpanzees
48.7%
Kangaroo
46.6%
Platypus
45.8%
Hornets
45.8%
Duck
45%
Dolphins
44.8%
Octopus
43.6%
Lobster
42.7%
Moose
41.2%
Raccoon
41%
Toad
38.7%
Sheep
38.4%
Swan
38.2%
Owls
37.8%
Ant
37.5%
Jellyfish
36.9%
Caribou
32.2%
Stallion
32.1%
Cheetah
30.9%
Rats
30.5%
Beluga
29.8%
Cobra
27.8%
Nightingale
27%
Rooster
25.6%
Iguana
21.4%
Locust
15.3%
Skunk
14.2%
Giraffe
13.3%
Alligator
12%
Herrings
7.1%
Pigeon
3.3%

From the Vault

10 Words, 20 Definitions

by DesertSpartan

It's hard to define what makes these words doubly versatile.
Remove Ads.
Support Sporcle.
Get the best of Sporcle when you Go Orange. This ad-free experience offers more features, more stats, and more fun while also helping to support Sporcle. Thank you for becoming a member.

Show Comments

Extras

Top Quizzes Today


Score Distribution

Your Account Isn't Verified!

In order to create a playlist on Sporcle, you need to verify the email address you used during registration. Go to your Sporcle Settings to finish the process.

Report this User

Report this user for behavior that violates our Community Guidelines.

Details: